Nová kúpeľňa

Uložené v:
Podrobná bibliografia
Hlavný autor: Weiss, Ulrich (Autor)
Médium: Kniha
Jazyk:Slovak
Vydavateľské údaje: Bratislava : IKAR, 1998
Predmet:
Tagy: Pridať tag
Žiadne tagy, Buďte prvý, kto otaguje tento záznam!

MARC

LEADER 00000nam a22000003a 4500
001 stu48992
005 20150617225708.1
008 990126s1998------------------------slo-d
020 |a 80-7118-555-8 
040 |a STU  |b slo 
041 0 |a slo 
080 |a 643.52 
100 1 |a Weiss, Ulrich  |4 aut 
245 1 |a Nová kúpeľňa 
260 |a Bratislava :  |b IKAR,  |c 1998 
300 |a 110 s 
500 |a prel. z nemeckého orig. 
650 7 |a interiér obytný  |2 stusub 
650 7 |a kúpeľňa  |2 stusub 
996 |b 284V027983  |c V*45697/O-20141  |l VVT  |s A  |a 24  |w stu48992_0001 
996 |b 284AU00386  |c A*3059 U  |l AAKNAR  |s A  |a 24  |w stu48992_0002